=LDR 00000nam 2200000 4500 =001 INLIS000000000008811 =005 20130612100633 =008 ***********************************Ind** =035 ##$$0010-061300000008811 =041 ##$$a Ind =082 ##$$a 658.5 =090 ##$$a 658.5, Kom a =100 ##$$a Komaruddin =245 ##$$a Asas - Asas Manajemen Produksi, oleh Komaruddin =260 ##$$a 1991 $b Jakarta =300 ##$$a 269 hlm, ilus, 21 cm =650 ##$$a Manajemen Produksi =850 ##$$a NBPNMAT